000 00303nam a2200121Ia 4500
008 240731s9999 xx 000 0 und d
022 _a1930-0166
245 0 _aResearch-Technology Management
260 _bRoutledge
856 _uhttps://www.tandfonline.com/loi/urtm20
942 _2ddc
942 _cTFEJ
999 _c79227
_d79227
945 _a1
_bMadushi Gamage
_c1
_dMadushi Gamage